• 首页
  • 本馆介绍
  • 公告通知
  • 最新文献
  • 馆藏检索
  • 电子资源
  • 读者导购
  • 参考咨询
  • 我的图书馆
  • 登录
  • 详细信息显示
  • 放入我的书架
  • 预约/预借图书
  • 作者相关作品
  • 分类相关作品
  • 丛书相关作品
  • 出版社相关作品

书目信息

  • 表格格式
  • 工作单格式
  • 卡片格式
题名:
现代广告概论
    
 
作者: 罗子明 , 雷蕾 , 孙铭欣 编著
分册:  
出版信息: 北京   高等教育出版社  2016.08
页数: 353页
开本: 23cm
丛书名:
单 册:
中图分类: F713.80
科图分类:
主题词: 广告学--高等学校--教材
电子资源:
ISBN: 978-7-04-045526-7
000 01156nam0 2200313 450
001 0120161979474
005 20171023081013.01
010    @a978-7-04-045526-7@dCNY35.00
100    @a20160930d2016 em y0chiy50 ea
101 0  @achi
102    @aCN@b110000
105    @aak z 000yy
106    @ar
200 1  @a现代广告概论@9xian dai guang gao gai lun@f罗子明,雷蕾,孙铭欣编著
205    @a2版
210    @a北京@c高等教育出版社@d2016.08
215    @a353页@c图@d23cm
300    @a高等学校广告专业系列教材
312    @a封面英文题名:Principles of modern advertising
330    @a本书完整地描述了广告活动的全貌,从广告主、广告经营者到广告媒体的业务经营,从广告调研、策划创意、文案写作到广告效果研究,从国内广告市场的发展到国际广告的演变等。书中介绍了互联网对广告传播及经营模式的影响。
333    @a高校广告学、市场营销相关专业师生
510 1  @aPrinciples of modern advertising@zeng
606 0  @a广告学@x高等学校@j教材
690    @aF713.80@v5
701  0 @a罗子明@9luo zi ming@4编著
701  0 @a雷蕾@9lei lei@4编著
701  0 @a孙铭欣@9sun ming xin@4编著
801  0 @aCN@b人天书店@c20160930
905    @b1080307-12@dF713.80@e1005=2@f6
    
    现代广告概论/罗子明,雷蕾,孙铭欣编著.-2版.-北京:高等教育出版社,2016.08
    353页:图;23cm
    高等学校广告专业系列教材.-使用对象:高校广告学、市场营销相关专业师生
    
    ISBN 978-7-04-045526-7:CNY35.00
    本书完整地描述了广告活动的全貌,从广告主、广告经营者到广告媒体的业务经营,从广告调研、策划创意、文案写作到广告效果研究,从国内广告市场的发展到国际广告的演变等。书中介绍了互联网对广告传播及经营模式的影响。
●
相关链接 在E读中查询图书 在五车中查询图书 在当当中查询图书 在豆瓣中查询图书


正题名:现代广告概论     索取号:F713.80/1005=2         预约/预借

序号 登录号 条形码 馆藏地/架位号 状态 备注
1 1080307   210803077   第一样本阅览室/ [索取号:F713.80/1005=2] 在馆    
2 1080308   210803086   密集书库-海洋学院/ [索取号:F713.80/1005=2] 在馆    
3 1080309   210803095   第一借阅区/ [索取号:F713.80/1005=2] 在馆    
4 1080310   210803102   第一借阅区/ [索取号:F713.80/1005=2] 在馆    
5 1080311   210803111   第一借阅区/ [索取号:F713.80/1005=2] 在馆    
6 1080312   210803120   第一借阅区/ [索取号:F713.80/1005=2] 在馆    
唐山师范学院图书馆 欢迎您!
大连网信软件有限公司© 版权所有